| 000 | 01236nas a2200373 4500 | ||
|---|---|---|---|
| 001 | BR2015004836 | ||
| 003 | BR-BrBNA | ||
| 005 | 20231205125706.0 | ||
| 007 | ta | ||
| 008 | 230509b bl.|||p| |||| 00| 00por d | ||
| 040 |
_aBR-BrBNA _bpor _cBiblioteca Nacional de Agricultura |
||
| 041 | _a(Pt) | ||
| 072 | _aF08 | ||
| 100 | 1 | _aFormiga, L. de A. | |
| 100 | 1 | _aGuerra, H.O.C. | |
| 100 | 1 | _aLacerda, R.D. de | |
| 100 | 1 | _aSilva, J.E.B. da | |
| 100 | 1 | _aAraujo, M.S. | |
| 245 | 1 | _aEfeito da água disponível do solo no desenvolvimento de dois cultivares de mamona, nos primeiro e segundo ciclos | |
| 246 | 1 | _aEffect of available soilwater in the development of two castor bean cultivars in the first and second cycles | |
| 650 | _aMAMONA | ||
| 650 | _aRICINUS COMMUNIS | ||
| 650 | _aPRATICA CULTURAL | ||
| 650 | _aMANEJO DE AGUA | ||
| 650 | _aIRRIGACAO | ||
| 650 | _aPODA | ||
| 650 | _aRENDIMENTO | ||
| 650 | _aAGUA DO SOLO | ||
| 650 | _aANALISE COMPARATIVA | ||
| 773 | 0 |
_tEngenharia Agrícola (Brazil) _xISSN 1809-4430 _g(Nov-Dec 2014), v. 34(6) p. 1128-1138 _wBR2015004836 |
|
| 856 | 4 | 0 | _uhttp://www.scielo.br/pdf/eagri/v34n6/a09v34n6.pdf |
| 909 |
_a202311 _bLúcia _c55 _dLúcia Elande |
||
| 942 |
_2AGRIS _n0 _cANA |
||
| 999 |
_c245605 _d245605 |
||